[Event "Nordic Grand Prix"]
[Site "Torshavn"]
[Date "1997.??.??"]
[Round "2"]
[White "Akesson, Ralf"]
[Black "Kristensen, Bjarke"]
[Result "1/2-1/2"]
[WhiteElo "2515"]
[BlackElo "2415"]
[PlyCount "120"]
[EventDate "1997.02.07"]
[Source "ChessBase"]

1. d4 Nf6 2. c4 e6 3. Nc3 Bb4 4. Qc2 O-O 5. a3 Bxc3+ 6. Qxc3 b5 7. cxb5 c6 8. Bg5 cxb5 9. e3 Bb7 10. Nf3 a6 11. Bd3 d6 12. Bxf6 Qxf6 13. Qc7 Bxf3 14. gxf3 Qxf3 15. Rg1 Nc6 16. Qxd6 Rac8 17. Qg3 Qf6 18. Qg5 Qxg5 19. Rxg5 f5 20. Ke2 g6 21. h4 e5 22. Rag1 e4 23. Bb1 Kg7 24. h5 Ne7 25. R5g2 Rfe8 26. Kd2 Rc6 27. Rh2 Rec8 28. hxg6 hxg6 29. Rgh1 a5 30. Rh7+ Kf6 31. Rh8 Ng8 32. R1h7 Ne7 33. Rxc8 Nxc8 34. Ba2 b4 35. axb4 axb4 36. Bd5 Rb6 37. Rc7 Nd6 38. Kc2 f4 39. Kb3 fxe3 40. fxe3 Nf5 41. Rf7+ Kg5 42. Bxe4 Nxe3 43. Rb7 Rd6 44. Rxb4 Kf4 45. Bh1 g5 46. Kc3 Nd5+ 47. Bxd5 Rxd5 48. Rb8 g4 49. Kc4 Rg5 50. Rf8+ Ke4 51. Rf1 g3 52. d5 g2 53. Re1+ Kf5 54. Rg1 Ke5 55. Kc5 Rg8 56. d6 Rc8+ 57. Kb6 Rb8+ 58. Kc7 Rxb2 59. d7 Rc2+ 60. Kd8 Kf4 1/2-1/2

[Event "Hastings Challengers"]
[Site "Hastings"]
[Date "1999.01.05"]
[Round "8"]
[White "Kiriakov, Petr"]
[Black "Marusenko, Petr"]
[Result "1/2-1/2"]
[WhiteElo "2545"]
[BlackElo "2380"]
[PlyCount "31"]
[EventDate "1998.12.??"]
[Source "www.chesslib.no"]
[SourceDate "2004.05.04"]

1. d4 Nf6 2. c4 e6 3. Nc3 Bb4 4. Qc2 O-O 5. a3 Bxc3+ 6. Qxc3 b5 7. cxb5 c6 8. Bg5 cxb5 9. Nf3 h6 10. Bxf6 Qxf6 11. g3 Bb7 12. Bg2 Be4 13. O-O Nc6 14. Ne5 Bxg2 15. Kxg2 Rfc8 16. Nf3 1/2-1/2

[Event "Marshall"]
[Site "Marshall"]
[Date "1995.??.??"]
[Round "?"]
[White "Remlinger, Larry"]
[Black "Ashley, Maurice"]
[Result "1-0"]
[WhiteElo "2465"]
[BlackElo "2460"]
[PlyCount "59"]
[EventDate "1995.??.??"]
[Source "www.chesslib.no"]
[SourceDate "2004.05.04"]

1. d4 Nf6 2. c4 e6 3. Nc3 Bb4 4. Qc2 O-O 5. a3 Bxc3+ 6. Qxc3 b5 7. cxb5 c6 8. Bg5 cxb5 9. Nf3 Bb7 10. e3 h6 11. Bh4 g5 12. Bg3 Ne4 13. Qc2 f5 14. Bd3 Na6 15. O-O Rc8 16. Qe2 Nxg3 17. fxg3 Nc7 18. e4 fxe4 19. Bxe4 Nd5 20. Ne5 Qb6 21. Qh5 Kg7 22. Rfc1 Qc7 23. Bf5 Qc6 24. h4 Nc7 25. Rc2 Qxc2 26. Bxc2 Na8 27. Rd1 Rf4 28. Ng4 Rxg4 29. Bg6 Bxg2 30. Kxg2 1-0

[Event "Europa ch 2008"]
[Site "Plovdiv BUL"]
[Date "2008.05.01"]
[Round "10.106"]
[White "Schroll, Gerhard"]
[Black "Carlsson, Pontus"]
[Result "0-1"]
[WhiteElo "2410"]
[BlackElo "2513"]
[PlyCount "100"]
[EventDate "2008.04.21"]
[Source "www.chesslib.no"]
[SourceDate "2004.05.04"]

1. d4 Nf6 2. c4 e6 3. Nc3 Bb4 4. Qc2 O-O 5. a3 Bxc3+ 6. Qxc3 b5 7. cxb5 c6 8. a4 Bb7 9. Bg5 cxb5 10. axb5 a6 11. e3 h6 12. Bxf6 Qxf6 13. f3 Rc8 14. Qd2 axb5 15. Rxa8 Bxa8 16. Bxb5 Qh4+ 17. Kf1 d6 18. Ne2 e5 19. Nc3 Bc6 20. Be2 Nd7 21. g3 Qh3+ 22. Kf2 Nf6 23. d5 Bd7 24. e4 Rb8 25. Bf1 Qh5 26. h4 Qg6 27. Bd3 Nh5 28. Ne2 Qf6 29. b4 Bg4 30. Ng1 Bd7 31. Kg2 Qg6 32. Ne2 f5 33. exf5 Bxf5 34. Bxf5 Qxf5 35. g4 Qg6 36. Kh3 Nf6 37. Ng3 Qf7 38. Rd1 e4 39. fxe4 h5 40. gxh5 Nxe4 41. Nxe4 Qf5+ 42. Kg3 Qxe4 43. Re1 Qc4 44. Rc1 Qe4 45. Re1 Qc4 46. Qg5 Qxb4 47. Re7 Qd4 48. Re3 Qa1 49. h6 Rb7 50. h5 Qg1+ 0-1

[Event "Montpellier Masters op"]
[Site "?"]
[Date "1996.??.??"]
[Round "?"]
[White "Relange Eloi"]
[Black "Hauchard Arnaud"]
[Result "1/2-1/2"]
[WhiteElo "2460"]
[BlackElo "2460"]
[PlyCount "71"]
[EventDate "1996.??.??"]
[Source "www.chesslib.no"]
[SourceDate "2004.05.04"]

1. d4 Nf6 2. c4 e6 3. Nc3 Bb4 4. Qc2 O-O 5. a3 Bxc3+ 6. Qxc3 b5 7. cxb5 c6 8. e3 cxb5 9. Bxb5 Ne4 10. Qd3 Nd6 11. a4 a6 12. Bc4 Qg5 13. Kf1 Nxc4 14. Qxc4 Bb7 15. Nf3 Qh5 16. Ne1 a5 17. Kg1 Rc8 18. Qd3 Nc6 19. f3 Nb4 20. Qd1 Qg6 21. h4 h5 22. Bd2 Nc2 23. Nxc2 Rxc2 24. e4 Rxb2 25. Rb1 Rxb1 26. Qxb1 Bc6 27. Qb3 Qg3 28. e5 Kh7 29. Rh3 Qg6 30. Kh2 Bd5 31. Qe3 f5 32. exf6 Qxf6 33. Rg3 Qxh4+ 34. Rh3 Qf6 35. Rxh5+ Kg8 36. Qe5 1/2-1/2

[Event "Copenhagen op"]
[Site "Copenhagen"]
[Date "1998.06.23"]
[Round "3"]
[White "Schandorff, Lars"]
[Black "Sammalvuo, Tapani"]
[Result "1/2-1/2"]
[WhiteElo "2525"]
[BlackElo "2395"]
[PlyCount "87"]
[EventDate "1998.06.??"]
[Source "www.chesslib.no"]
[SourceDate "2004.05.04"]

1. d4 Nf6 2. c4 e6 3. Nc3 Bb4 4. Qc2 O-O 5. a3 Bxc3+ 6. Qxc3 b5 7. c5 Nd5 8. Qc2 Bb7 9. Nh3 f5 10. f3 Qh4+ 11. g3 Qe7 12. Bg2 Nf6 13. O-O Nc6 14. e3 d6 15. Qb3 a6 16. cxd6 cxd6 17. Nf4 Nd8 18. Bd2 g5 19. Nd3 Bd5 20. Qd1 Qb7 21. Nb4 Bc4 22. Re1 a5 23. Na2 Bd5 24. Nc3 Bc6 25. e4 g4 26. d5 exd5 27. Bh6 gxf3 28. Bxf8 Qb6+ 29. Kh1 fxg2+ 30. Kxg2 Kxf8 31. Nxd5 Bxd5 32. exd5 Qc5 33. Rc1 Qxd5+ 34. Qxd5 Nxd5 35. Rcd1 Ne7 36. Rxd6 Ndc6 37. Rc1 Ne5 38. Rc7 Ke8 39. Re6 N5g6 40. Rb7 Kf7 41. Re2 b4 42. axb4 axb4 43. Rxb4 Ra2 44. Rd4 1/2-1/2

[Event "Tch (Men) 2005/2006 CZE"]
[Site "?"]
[Date "2006.02.26"]
[Round "9"]
[White "Jedynak Radoslaw"]
[Black "Polak Tomas"]
[Result "1/2-1/2"]
[WhiteElo "2431"]
[BlackElo "2485"]
[PlyCount "25"]
[EventDate "2006.??.??"]
[Source "www.chesslib.no"]
[SourceDate "2004.05.04"]

1. d4 Nf6 2. c4 e6 3. Nc3 Bb4 4. Qc2 O-O 5. a3 Bxc3+ 6. Qxc3 b5 7. c5 Nd5 8. Qc2 f5 9. Nf3 Nc6 10. e4 fxe4 11. Qxe4 Rb8 12. Bd3 Nf6 13. Qh4 1/2-1/2

[Event "Chicago Open"]
[Site "Chicago"]
[Date "2004.05.29"]
[Round "2"]
[White "Golod, Vitali"]
[Black "Rensch, Daniel"]
[Result "1-0"]
[WhiteElo "2552"]
[BlackElo "2364"]
[PlyCount "99"]
[EventDate "2004.05.28"]
[Source "Roberto Alvarez"]
[SourceDate "2004.06.13"]

1. d4 Nf6 2. c4 e6 3. Nc3 Bb4 4. Qc2 O-O 5. a3 Bxc3+ 6. Qxc3 b5 7. cxb5 c6 8. f3 cxb5 9. e4 a6 10. Be3 Bb7 11. Bd3 Nc6 12. Rc1 h6 13. Ne2 Na5 14. b3 Rc8 15. Qb2 Rxc1+ 16. Bxc1 Qb6 17. Be3 Rc8 18. O-O d6 19. Bf2 Qc7 20. Rb1 Nd7 21. Qd2 Nc6 22. h3 Ne7 23. a4 Bc6 24. Rc1 d5 25. axb5 axb5 26. Bxb5 Qb7 27. Bxc6 Rxc6 28. Rxc6 Nxc6 29. exd5 exd5 30. Qe3 Nf8 31. Nf4 Na5 32. Qe5 Nxb3 33. Nxd5 Ng6 34. Qe4 Qc6 35. Be3 Na5 36. Kf2 Nc4 37. Nf4 Qa6 38. Qe8+ Nf8 39. Nd5 Qa2+ 40. Kg3 Nxe3 41. Nxe3 Qd2 42. d5 h5 43. Kh2 h4 44. Qe4 Ng6 45. Nf5 Nf4 46. Nxh4 Kf8 47. d6 g6 48. Qe5 Kg8 49. d7 Ne6 50. Nxg6 1-0

[Event "Reykjavik"]
[Site "Reykjavik"]
[Date "1984.??.??"]
[Round "?"]
[White "Hjartarson, Johann"]
[Black "Arnason, Jon L"]
[Result "1-0"]
[WhiteElo "2415"]
[BlackElo "2500"]
[PlyCount "113"]
[EventDate "1984.01.??"]
[Source "ChessBase"]

1. d4 Nf6 2. c4 e6 3. Nc3 Bb4 4. Qc2 O-O 5. a3 Bxc3+ 6. Qxc3 b5 7. cxb5 c6 8. Bg5 cxb5 9. e3 Bb7 10. Nf3 h6 11. Bxf6 Qxf6 12. Be2 Qg6 13. Qc7 Bd5 14. O-O Nc6 15. Rac1 Rac8 16. Qd6 f5 17. Rc5 Kh7 18. Rfc1 f4 19. Nh4 Qf6 20. Bd3+ Kg8 21. e4 Ba2 22. Nf3 Rcd8 23. Rxb5 e5 24. Qxf6 gxf6 25. dxe5 fxe5 26. Nxe5 Nd4 27. Rb7 f3 28. Nxf3 Nxf3+ 29. gxf3 Rxf3 30. Rc3 Be6 31. Be2 Rf4 32. Rxa7 Kh8 33. Rac7 Rxe4 34. Rc8 Rxc8 35. Rxc8+ Kg7 36. Bf3 Re1+ 37. Kg2 Rb1 38. Rc2 Kf6 39. Rd2 Bf5 40. a4 Ra1 41. Bd1 Ke5 42. Kf3 d5 43. Ke3 Rc1 44. f4+ Kd6 45. Bf3 Be6 46. Rd4 Rc2 47. Rb4 Bd7 48. Rb6+ Kc5 49. a5 Rxh2 50. b4+ Kc4 51. Rd6 Bb5 52. f5 Kxb4 53. f6 Be8 54. a6 Bg6 55. a7 Ra2 56. Rd7 Ra3+ 57. Kd4 1-0

[Event "JUG Team Ch"]
[Site "Zlatibor"]
[Date "1989.??.??"]
[Round "?"]
[White "Djukic, Zeljko"]
[Black "Dizdar, Goran"]
[Result "1/2-1/2"]
[WhiteElo "2405"]
[BlackElo "2505"]
[PlyCount "125"]
[EventDate "1989.??.??"]
[Source "www.chesslib.no"]
[SourceDate "2004.05.04"]

1. d4 e6 2. c4 Nf6 3. Nc3 Bb4 4. Qc2 O-O 5. a3 Bxc3+ 6. Qxc3 b5 7. cxb5 c6 8. Bg5 cxb5 9. e3 Bb7 10. Nf3 a6 11. Be2 d6 12. Bxf6 gxf6 13. O-O Nd7 14. a4 bxa4 15. Rxa4 Nb6 16. Ra5 Rc8 17. Qb4 Nd5 18. Qa3 Qb6 19. Bxa6 Ra8 20. Ra1 Bxa6 21. Rxa6 Rxa6 22. Qxa6 Qxb2 23. Re1 Qb4 24. e4 Nf4 25. Re3 d5 26. e5 Qb1+ 27. Qf1 Qxf1+ 28. Kxf1 f5 29. g3 Ng6 30. Rc3 Ra8 31. Rc7 h6 32. Ne1 f4 33. Ke2 Ra2+ 34. Nc2 Rb2 35. Kf3 fxg3 36. hxg3 h5 37. Kg2 Kf8 38. Kh3 Rb3 39. Kg2 Rb2 40. Rc3 Kg7 41. Rc7 Rb3 42. Ne1 h4 43. Ra7 Rc3 44. Rb7 Ra3 45. Rc7 Kf8 46. Rc8+ Kg7 47. Rc7 Rb3 48. Ra7 Rc3 49. Rb7 Kf8 50. Rb8+ Ke7 51. Rb7+ Ke8 52. Rb8+ Kd7 53. Rb7+ Ke8 54. Rb8+ Kd7 55. Rb7+ Rc7 56. Rxc7+ Kxc7 57. Nf3 hxg3 58. fxg3 Kd7 59. Kf2 Ke8 60. Ke3 Kf8 61. g4 Kg7 62. Kf2 Kf8 63. Kg3 1/2-1/2

[Event "Pula Open"]
[Site "Pula CRO"]
[Date "1990.??.??"]
[Round "3"]
[White "Djukic, Zeljko"]
[Black "Kengis, Edvins"]
[Result "0-1"]
[WhiteElo "2410"]
[BlackElo "2500"]
[PlyCount "81"]
[EventDate "1990.??.??"]
[Source "www.chesslib.no"]
[SourceDate "2004.05.04"]

1. d4 Nf6 2. c4 e6 3. Nc3 Bb4 4. Qc2 O-O 5. a3 Bxc3+ 6. Qxc3 b5 7. cxb5 c6 8. Bg5 cxb5 9. e3 Bb7 10. Nf3 h6 11. Bxf6 Qxf6 12. Qc7 Bxf3 13. gxf3 Nc6 14. Qxd7 Qxf3 15. Rg1 Rad8 16. Qc7 Rc8 17. Qg3 Qf6 18. Bxb5 Rfd8 19. Kf1 Nxd4 20. exd4 Rc2 21. Rd1 Rxb2 22. Be2 Rd5 23. Qc3 Rb8 24. Bf3 Rf5 25. Rg3 h5 26. Kg2 Rd8 27. Qe3 h4 28. Rg4 h3+ 29. Kg3 e5 30. Be4 exd4 31. Rxd4 Re8 32. f4 Ra5 33. a4 Qe7 34. Qc3 Qf6 35. Qc6 Qe7 36. Qc3 Qf6 37. Qc7 Qxd4 38. Qxa5 Rxe4 39. Kxh3 Qd3+ 40. Kh4 Re6 41. Rg3 0-1

[Event "URS Ch sf"]
[Site "Severodonetsk"]
[Date "1982.??.??"]
[Round "?"]
[White "Gavrikov, Viktor N"]
[Black "Vitolins, Alvis"]
[Result "0-1"]
[WhiteElo "2430"]
[BlackElo "2470"]
[PlyCount "52"]
[EventDate "1982.??.??"]
[Source "www.chesslib.no"]
[SourceDate "2004.05.04"]

1. d4 Nf6 2. c4 e6 3. Nc3 Bb4 4. Qc2 O-O 5. a3 Bxc3+ 6. Qxc3 b5 7. cxb5 a6 8. e3 d6 9. Nf3 Bb7 10. bxa6 Nxa6 11. Be2 c5 12. O-O Rc8 13. Bd2 cxd4 14. Qxd4 Nc5 15. Qh4 Nce4 16. Bc1 Rc5 17. Nd4 g5 18. Qh3 g4 19. Bxg4 Nxg4 20. Qxg4+ Rg5 21. Qh3 Kh8 22. f3 Rfg8 23. g4 R5g6 24. Qh5 Nf6 25. Qb5 Nxg4 26. fxg4 Qh4 0-1

[Event "Pardubice KB op"]
[Site "Pardubice"]
[Date "2000.07.23"]
[Round "3"]
[White "Neverov, Valeriy"]
[Black "Johansson, Jan"]
[Result "1-0"]
[WhiteElo "2547"]
[BlackElo "2353"]
[PlyCount "33"]
[EventDate "2000.07.21"]
[Source "www.chesslib.no"]
[SourceDate "2004.05.04"]

1. d4 Nf6 2. c4 e6 3. Nc3 Bb4 4. Qc2 O-O 5. a3 Bxc3+ 6. Qxc3 b5 7. cxb5 c6 8. f3 Nd5 9. Qd3 cxb5 10. e4 Nb6 11. Nh3 Nc6 12. Bg5 f6 13. Bh4 Nc4 14. Qc3 a5 15. Bf2 Ba6 16. Nf4 Nb6 17. Nxe6 1-0

[Event "FS GM March"]
[Site "Budapest"]
[Date "2003.??.??"]
[Round "10"]
[White "Hoang Thanh Trang"]
[Black "Balogh, Csaba"]
[Result "1/2-1/2"]
[WhiteElo "2445"]
[BlackElo "2455"]
[PlyCount "94"]
[EventDate "2003.03.01"]
[Source "Roberto Alvarez"]
[SourceDate "2003.03.10"]

1. d4 Nf6 2. c4 e6 3. Nc3 Bb4 4. Qc2 O-O 5. a3 Bxc3+ 6. Qxc3 b5 7. cxb5 c6 8. Bg5 cxb5 9. e3 Bb7 10. Nf3 h6 11. Bh4 g5 12. Bg3 Ne4 13. Qc7 Qxc7 14. Bxc7 Rc8 15. Bxb8 Raxb8 16. Bd3 Bd5 17. O-O d6 18. Rfc1 a6 19. Bxe4 Bxe4 20. Ne1 f5 21. Kf1 Bd5 22. Rxc8+ Rxc8 23. Ke2 Kf7 24. Kd2 e5 25. dxe5 dxe5 26. Rc1 Bc4 27. b3 Rd8+ 28. Kc3 Bf1 29. g3 a5 30. Nf3 Rc8+ 31. Kb2 Rxc1 32. Kxc1 Ke6 33. Kd2 Kd5 34. Kc3 Be2 35. Nd2 e4 36. Nb1 Ke5 37. Kd2 Bf1 38. Nc3 f4 39. Ne2 fxe3+ 40. fxe3 Bxe2 41. Kxe2 h5 42. h3 a4 43. Kd2 Kd5 44. Kc3 Kc5 45. g4 h4 46. Kb2 Kd5 47. Kc3 Kc5 1/2-1/2

[Event "33rd Rilton Cup"]
[Site "Stockholm"]
[Date "2003.12.31"]
[Round "5"]
[White "Akesson, Ralf"]
[Black "Volke, Karsten"]
[Result "1-0"]
[WhiteElo "2431"]
[BlackElo "2467"]
[PlyCount "55"]
[EventDate "2003.12.27"]
[Source "Roberto Alvarez"]
[SourceDate "2004.01.05"]

1. d4 Nf6 2. c4 e6 3. Nc3 Bb4 4. Qc2 O-O 5. a3 Bxc3+ 6. Qxc3 b5 7. cxb5 c6 8. e3 cxb5 9. Bd3 Bb7 10. f3 Nc6 11. Ne2 Rc8 12. Qb3 Na5 13. Qd1 Bd5 14. Bc2 Qc7 15. Nc3 Bb7 16. e4 Ba6 17. O-O d6 18. Rf2 Qb6 19. e5 Nd7 20. f4 Rfd8 21. Qh5 Nf8 22. f5 exf5 23. Nd5 Qb7 24. Nf6+ Kh8 25. Bxf5 g6 26. Bxc8 Qxc8 27. Qh6 Qc4 28. Bg5 1-0

[Event "Skanska"]
[Site "?"]
[Date "2005.07.02"]
[Round "3"]
[White "Neuman Petr"]
[Black "Polak Tomas"]
[Result "1/2-1/2"]
[WhiteElo "2430"]
[BlackElo "2466"]
[PlyCount "21"]
[EventDate "2005.??.??"]
[Source "www.chesslib.no"]
[SourceDate "2004.05.04"]

1. d4 Nf6 2. c4 e6 3. Nc3 Bb4 4. Qc2 O-O 5. a3 Bxc3+ 6. Qxc3 b5 7. cxb5 c6 8. Bg5 cxb5 9. e3 Bb7 10. f3 a6 11. Bd3 1/2-1/2

[Event "It Open"]
[Site "It (open)"]
[Date "1992.??.??"]
[Round "?"]
[White "Remlinger, Larry"]
[Black "Benjamin, Joel L"]
[Result "1-0"]
[WhiteElo "2340"]
[BlackElo "2555"]
[PlyCount "91"]
[EventDate "1992.??.??"]
[Source "www.chesslib.no"]
[SourceDate "2004.05.04"]

1. d4 Nf6 2. c4 e6 3. Nc3 Bb4 4. Qc2 O-O 5. a3 Bxc3+ 6. Qxc3 b5 7. cxb5 c6 8. Nf3 cxb5 9. e3 Qb6 10. Bd3 Bb7 11. O-O Rc8 12. Qb3 a6 13. Bd2 Bd5 14. Qd1 d6 15. Qe2 Ne4 16. Rfc1 Nd7 17. Ne1 f5 18. Nc2 Ndf6 19. Be1 Bc4 20. f3 Ng5 21. Bf2 Rc7 22. Ne1 Rac8 23. Qd2 h6 24. Bc2 Bd5 25. h4 Nf7 26. Nd3 g5 27. hxg5 Nxg5 28. Bd1 Qb7 29. Bh4 Rg7 30. Bxg5 Rxc1 31. Rxc1 Rxg5 32. Qf2 Nh5 33. Qc2 Rg7 34. Qc8+ Kh7 35. Qxb7 Bxb7 36. Kf2 Re7 37. Bb3 Kg7 38. Bxe6 Bxf3 39. gxf3 Rxe6 40. Rc6 a5 41. Rb6 Re7 42. Rxd6 Rb7 43. Nc5 Rb8 44. Rc6 b4 45. a4 Nf6 46. Rxf6 1-0

[Event "LTU-ch"]
[Site "Vilnius"]
[Date "2000.03.26"]
[Round "2"]
[White "Gavrikov, Viktor"]
[Black "Rastenis, Gediminas"]
[Result "1/2-1/2"]
[WhiteElo "2563"]
[BlackElo "2328"]
[PlyCount "111"]
[EventDate "2000.03.25"]
[Source "ChessBase"]
[SourceDate "2000.05.11"]

1. d4 Nf6 2. c4 e6 3. Nc3 Bb4 4. Qc2 O-O 5. a3 Bxc3+ 6. Qxc3 b5 7. cxb5 c6 8. bxc6 Nxc6 9. e3 Bb7 10. b4 Rc8 11. Qb2 Ne4 12. Bd3 f5 13. Nh3 Ne7 14. f3 Nd6 15. O-O Bd5 16. Qe2 Qb6 17. a4 Rc3 18. Nf2 Bc4 19. Bd2 Rc2 20. Rfc1 Bxd3 21. Qxd3 Rxc1+ 22. Rxc1 a6 23. Rc5 Nd5 24. Qa3 Nb7 25. Rc2 f4 26. e4 Ne3 27. Bxe3 fxe3 28. Qxe3 Qxb4 29. Rc7 Qxa4 30. Nd3 Nd6 31. Ne5 Rd8 32. h4 Ne8 33. Ra7 Nf6 34. Kh2 Qa1 35. Qd2 h6 36. Rc7 Qa4 37. Qb2 Qa5 38. Qc1 Qb4 39. Rc4 Qd6 40. Kh3 a5 41. g4 Qa6 42. g5 hxg5 43. hxg5 Ne8 44. Qf4 Nd6 45. Ng6 Re8 46. Rc1 Nf7 47. Kg3 e5 48. Nxe5 Nxe5 49. dxe5 Qe6 50. Rc5 Ra8 51. Qd2 a4 52. Ra5 Rxa5 53. Qxa5 Qc6 54. Kf4 Kf7 55. Kf5 Qe6+ 56. Kf4 1/2-1/2

[Event "20. Virxe Peregrina"]
[Site "Pontevedra"]
[Date "2004.08.18"]
[Round "8.5"]
[White "Lazarev, Vladimir"]
[Black "Petkov, Vladimir"]
[Result "1/2-1/2"]
[WhiteElo "2515"]
[BlackElo "2375"]
[PlyCount "93"]
[EventDate "2004.08.13"]
[Source "Roberto Alvarez"]
[SourceDate "2004.08.24"]

1. d4 Nf6 2. c4 e6 3. Nc3 Bb4 4. Qc2 O-O 5. a3 Bxc3+ 6. Qxc3 b5 7. cxb5 c6 8. Bg5 cxb5 9. e3 Bb7 10. Nf3 h6 11. Bh4 Nc6 12. Bd3 Rc8 13. Qd2 g5 14. Bg3 Na5 15. Qd1 Ne4 16. O-O Nc4 17. Qe2 f5 18. Rfc1 Bd5 19. a4 a6 20. axb5 axb5 21. b3 Ncd6 22. Bxd6 Nxd6 23. Bxb5 f4 24. Bc4 fxe3 25. fxe3 Bxf3 26. gxf3 Qf6 27. Rf1 Nf5 28. d5 exd5 29. Bxd5+ Kh8 30. Ra6 Qe5 31. Be4 Rc3 32. Bxf5 Rxf5 33. Rxh6+ Kg7 34. Qa6 Qxe3+ 35. Kh1 Rc6 36. Rxc6 dxc6 37. Qb7+ Rf7 38. Qxc6 Qxb3 39. Qe4 Rf4 40. Qe2 Qd5 41. Qe3 Kf6 42. Kg2 Rg4+ 43. Kh1 Rf4 44. Qc3+ Kg6 45. Qe3 Kf5 46. h3 g4 47. hxg4+ 1/2-1/2

[Event "Hampstead GM 4th"]
[Site "Hampstead"]
[Date "1998.10.29"]
[Round "6"]
[White "Ippolito, Dean"]
[Black "Kreiman, Boris"]
[Result "1/2-1/2"]
[WhiteElo "2430"]
[BlackElo "2455"]
[PlyCount "27"]
[EventDate "1998.10.??"]
[Source "www.chesslib.no"]
[SourceDate "2004.05.04"]

1. d4 Nf6 2. c4 e6 3. Nc3 Bb4 4. Qc2 O-O 5. a3 Bxc3+ 6. Qxc3 b5 7. cxb5 c6 8. Bg5 cxb5 9. e3 Bb7 10. Nf3 Bxf3 11. gxf3 a6 12. Rg1 Kh8 13. d5 d6 14. Bxf6 1/2-1/2

[Event "Peristeri"]
[Site "Peristeri"]
[Date "1993.??.??"]
[Round "4"]
[White "Atalik, Suat"]
[Black "Frendzas, Panayotis"]
[Result "1-0"]
[WhiteElo "2535"]
[BlackElo "2345"]
[PlyCount "82"]
[EventDate "1993.??.??"]
[Source "ChessBase"]

1. d4 Nf6 2. c4 e6 3. Nc3 Bb4 4. Qc2 O-O 5. a3 Bxc3+ 6. Qxc3 b5 7. cxb5 Nd5 8. Qb3 f5 9. g3 Bb7 10. Bg2 c6 11. bxc6 Bxc6 12. Nf3 Nb6 13. Bg5 Qc8 14. O-O Bd5 15. Qd1 Nc6 16. b4 h6 17. Bf4 Nc4 18. Qd3 g5 19. Bc1 Ne7 20. h4 Be4 21. Qd1 g4 22. Ne5 Bxg2 23. Kxg2 Nxe5 24. dxe5 h5 25. Bh6 Rf7 26. Qd2 Kh7 27. Rac1 Qb7+ 28. Kh2 Rg8 29. Rc5 Nd5 30. Bg5 Qb8 31. Qd4 Rff8 32. Rfc1 a6 33. a4 Rc8 34. Rxd5 exd5 35. Qxd5 Rg7 36. Rxc8 Qxc8 37. Bf6 Qc6 38. Qxc6 dxc6 39. Bxg7 Kxg7 40. f4 gxf3 41. exf3 Kf7 1-0

[Event "Politiken Cup"]
[Site "Copenhagen"]
[Date "1998.07.06"]
[Round "3"]
[White "Stefansson, Hannes"]
[Black "Greger, Roland"]
[Result "0-1"]
[WhiteElo "2540"]
[BlackElo "2340"]
[PlyCount "104"]
[EventDate "1998.07.04"]
[Source "ChessBase"]
[SourceDate "1998.09.09"]

1. d4 Nf6 2. c4 e6 3. Nc3 Bb4 4. Qc2 O-O 5. a3 Bxc3+ 6. Qxc3 b5 7. cxb5 c6 8. f3 cxb5 9. e4 a6 10. Bd3 Nc6 11. Ne2 Bb7 12. Bc2 d6 13. O-O Rc8 14. Qd3 Qc7 15. Bb1 Ne7 16. Bg5 Ng6 17. Bxf6 gxf6 18. f4 Qc4 19. Qe3 f5 20. Nc3 e5 21. dxe5 dxe5 22. exf5 exf4 23. Qb6 Bxg2 24. Ba2 Qd3 25. Rad1 Qxf5 26. Kxg2 Rxc3 27. Bb1 Qh3+ 28. Kh1 Re3 29. Qd4 Rfe8 30. Bxg6 hxg6 31. Qxf4 Qe6 32. Rd6 Qe7 33. Qd4 Re1 34. Rdf6 Rxf1+ 35. Rxf1 Qe4+ 36. Qxe4 Rxe4 37. Rf6 a5 38. Rf2 b4 39. axb4 axb4 40. Kg2 Kg7 41. Kf3 f5 42. Rd2 Kf6 43. Rd6+ Kg5 44. Rd2 Rc4 45. Kg3 Kh5 46. Rd3 g5 47. h3 Rc2 48. Rb3 f4+ 49. Kf3 Rh2 50. Ke4 Re2+ 51. Kf5 Re3 52. Rxb4 f3 0-1